[Event "Titled Tuesday intern op 23rd Aug Late"]
[Site "Chess.com INT"]
[Date "2022.08.23"]
[Round "7"]
[White "Blanco Ronquillo, Humberto L"]
[Black "Guha, Eshan"]
[Result "1-0"]
[WhiteElo "2442"]
[BlackElo "2042"]
[PlyCount "87"]
[EventDate "2022.08.23"]
[EventType "swiss (blitz)"]
[EventRounds "11"]
[EventCountry "USA"]
[SourceTitle "EXT 2023"]
[Source "ChessBase"]
[SourceDate "2022.10.05"]
[SourceVersion "1"]
[SourceVersionDate "2022.10.05"]
[SourceQuality "1"]

1. d4 Nf6 2. c4 c5 3. d5 b5 4. Nd2 bxc4 5. e4 d6 6. Bxc4 g6 7. b3 Bg7 8. Bb2 0-0 9. Ngf3 Re8 10. 0-0 e6 11. dxe6 fxe6 12. e5 Nfd7 13. Qc2 d5 14. Bd3 Nc6 15. a3 Ncxe5 16. Nxe5 Nxe5 17. Bxe5 Bxe5 18. Rae1 Bd4 19. Nf3 Qf6 20. Nxd4 Qxd4 21. Bxg6 hxg6 22. Qxg6+ Kf8 23. Re3 Ke7 24. Rh3 Rf8 25. Rh7+ Kd6 26. h4 Qf6 27. Qg3+ Qf4 28. Qg7 Kc6 29. g3 Qd6 30. Rc1 Kb6 31. b4 cxb4 32. Qd4+ Kb5 33. axb4 Qxb4 34. Qd3+ Ka5 35. Ra1+ Kb6 36. Rb1 Qxb1+ 37. Qxb1+ Kc5 38. Qc1+ Kb5 39. Qb2+ Kc6 40. Qc3+ Kb5 41. Qb3+ Kc6 42. Qa4+ Kd6 43. Qb4+ Ke5 44. Qxf8 1-0

[Event "Titled Tuesday intern op 23rd Aug Early"]
[Site "Chess.com INT"]
[Date "2022.08.23"]
[Round "6"]
[White "Blanco Ronquillo, Humberto L"]
[Black "Jones, Gawain C B"]
[Result "0-1"]
[WhiteElo "2442"]
[BlackElo "2632"]
[PlyCount "66"]
[EventDate "2022.08.23"]
[EventType "swiss (blitz)"]
[EventRounds "11"]
[EventCountry "USA"]
[SourceTitle "EXT 2023"]
[Source "ChessBase"]
[SourceDate "2022.10.05"]
[SourceVersion "1"]
[SourceVersionDate "2022.10.05"]
[SourceQuality "1"]

1. d4 Nf6 2. c4 g6 3. Nc3 Bg7 4. e4 d6 5. Nf3 0-0 6. Be2 Nbd7 7. 0-0 e5 8. Re1 Re8 9. Bf1 a6 10. h3 exd4 11. Nxd4 Nc5 12. f3 Nh5 13. Be3 Be5 14. Qd2 c6 15. Nde2 Ng3 16. Nxg3 Bxg3 17. Bf2 Qh4 18. Rad1 Nd7 19. Bxg3 Qxg3 20. Ne2 Qe5 21. b3 Re6 22. Nf4 Rf6 23. Nd3 Qd4+ 24. Nf2 Qxd2 25. Rxd2 Kf8 26. Red1 Ke7 27. Ng4 Re6 28. Kf2 a5 29. Ne3 a4 30. Nc2 axb3 31. axb3 Rf6 32. Ne3 Nc5 33. b4 Nxe4+ 0-1

[Event "Titled Tuesday intern op 23rd Aug Early"]
[Site "Chess.com INT"]
[Date "2022.08.23"]
[Round "11"]
[White "Blanco Ronquillo, Humberto L"]
[Black "Pakleza, Zbigniew"]
[Result "0-1"]
[WhiteElo "2442"]
[BlackElo "2499"]
[PlyCount "62"]
[EventDate "2022.08.23"]
[EventType "swiss (blitz)"]
[EventRounds "11"]
[EventCountry "USA"]
[SourceTitle "EXT 2023"]
[Source "ChessBase"]
[SourceDate "2022.10.05"]
[SourceVersion "1"]
[SourceVersionDate "2022.10.05"]
[SourceQuality "1"]

1. d4 d6 2. Nf3 Bg4 3. g3 Bxf3 4. exf3 e6 5. Bg2 c6 6. 0-0 g6 7. a4 Bg7 8. a5 Ne7 9. c3 0-0 10. Nd2 d5 11. f4 Nd7 12. Nf3 c5 13. dxc5 Nxc5 14. Be3 Qc7 15. Re1 Nf5 16. Bc1 Rfd8 17. g4 Nd6 18. Ne5 Nc4 19. Qe2 Nb3 20. Nxc4 Nxa1 21. Nd2 Qxa5 22. Qd3 Qa2 23. f5 Nb3 24. Nxb3 Qxb3 25. fxe6 fxe6 26. Rxe6 d4 27. Re7 dxc3 28. Rd7 Rxd7 29. Qxd7 cxb2 30. Bxb2 Qxb2 31. Bxb7 Rf8 0-1

[Event "Titled Tuesday intern op 23rd Aug Early"]
[Site "Chess.com INT"]
[Date "2022.08.23"]
[Round "10"]
[White "Blanco Ronquillo, Humberto L"]
[Black "Weetik, Vjacheslav"]
[Result "1-0"]
[WhiteElo "2442"]
[BlackElo "2423"]
[PlyCount "67"]
[EventDate "2022.08.23"]
[EventType "swiss (blitz)"]
[EventRounds "11"]
[EventCountry "USA"]
[SourceTitle "EXT 2023"]
[Source "ChessBase"]
[SourceDate "2022.10.05"]
[SourceVersion "1"]
[SourceVersionDate "2022.10.05"]
[SourceQuality "1"]

1. d4 Nf6 2. c4 g6 3. Nc3 Bg7 4. Nf3 0-0 5. g3 c6 6. Bg2 d5 7. cxd5 cxd5 8. 0-0 e6 9. Bf4 Nh5 10. Bg5 Bf6 11. Bh6 Bg7 12. Bxg7 Kxg7 13. e4 dxe4 14. Nxe4 Nc6 15. Qd2 Nf6 16. Nc5 Qb6 17. Rac1 Rd8 18. Rfd1 e5 19. Qc3 Nd5 20. Qc4 Bg4 21. dxe5 Bxf3 22. Bxf3 Nxe5 23. Qe2 Nxf3+ 24. Qxf3 Qxb2 25. Rb1 Qc3 26. Ne6+ fxe6 27. Rxb7+ Kh6 28. Qf7 Rh8 29. Qxe6 Nf6 30. Qe7 Rhg8 31. Rd6 Raf8 32. h4 Qf3 33. Rxf6 Qd1+ 34. Kh2 1-0

[Event "Titled Tuesday intern op 23rd Aug Late"]
[Site "Chess.com INT"]
[Date "2022.08.23"]
[Round "11"]
[White "Blanco Ronquillo, Humberto L"]
[Black "Zong, Davis Jr"]
[Result "1-0"]
[WhiteElo "2442"]
[BlackElo "2231"]
[PlyCount "85"]
[EventDate "2022.08.23"]
[EventType "swiss (blitz)"]
[EventRounds "11"]
[EventCountry "USA"]
[SourceTitle "EXT 2023"]
[Source "ChessBase"]
[SourceDate "2022.10.05"]
[SourceVersion "1"]
[SourceVersionDate "2022.10.05"]
[SourceQuality "1"]

1. d4 d5 2. c4 c6 3. Nc3 Nf6 4. e3 Bf5 5. cxd5 cxd5 6. Qb3 Bc8 7. Nf3 Nc6 8. Bd3 e6 9. 0-0 Bd6 10. Bd2 0-0 11. Rfc1 Qb6 12. Qd1 e5 13. Nb5 Bb8 14. dxe5 Nxe5 15. Nxe5 Bxe5 16. Bc3 Bxc3 17. Rxc3 Bd7 18. Nd4 Rac8 19. Qc2 Rxc3 20. Qxc3 Rc8 21. Qa3 Qc5 22. Qxc5 Rxc5 23. Kf1 Kf8 24. Ke2 Ke7 25. Kd2 Kd6 26. f3 g6 27. g4 h5 28. h3 Ne8 29. gxh5 gxh5 30. h4 Nc7 31. b4 Rc6 32. Nxc6 bxc6 33. Rg1 Ne6 34. Rg8 Kc7 35. Rh8 Kb6 36. Rxh5 a5 37. a3 axb4 38. axb4 c5 39. bxc5+ Kxc5 40. Rh7 d4 41. Rxf7 Bc6 42. h5 Ng5 43. Rf5+ 1-0